000 00380nam a22001577a 4500
005 20200601101637.0
008 200601b xxu||||| |||| 00| 0 eng d
041 _aeng
082 _a340
100 _aBARE ACT
_95744
245 _aTHE SPECIFIC RELIEF ACT, 1963 (47-1963)
260 _aDELHI
_bPROFESSIONAL BOOK PUBLISHERS
300 _a26;p
650 _aLAW
_95701
942 _cBK
999 _c6743
_d6741